Castle (TV Series) Quiz: General Knowledge - Statistics

General Stats
  • This quiz has been taken 517 times
  • The average score is 6 of 15
Answer Stats
Hint Answer % Correct
How old was Kate when her mom was murdered? 19
81%
Castle and the boys dressed as which famous singer in Atlantic City? Elvis
81%
Which ficticious precinct does the gang work at? 12th
64%
What was Captain Montgomery's first name? Roy
63%
What is the nickname of Captain Victoria Gates? Iron Gates
51%
What was the name of Castle's first famous character? Derek Storm
38%
What is the name of Kevin and Jenny's child? Sarah Grace
33%
What is the name of Castle's New York pub? The Old Haunt
32%
What was the episode where Kate's apartment exploded? Boom
30%
At which university was Kate studying? Stanford
29%
Where does Castle FINALLY take Kate in early season 5? The Hamptons
25%
What is the name of Rick and Kate's song? In My Veins
22%
Kate is a sci-fi nerd, what TV show was a favourite? Nebula 9
22%
What was Kate studying at the time of her mother's death? Pre-Law
18%
Name the first and last episodes of season 4? Rise & Always
15%
No matching quizzes found
Score Distribution
Percent of People with Each Score
Percentile by Number Answered
Your Score History
You have not taken this quiz